Tiki Taka Toe #1 - Football Européen - Statistiques

Statistiques générales
  • Ce quiz a été pris 21 192 fois
  • Le résultat moyen est 6 sur 9
Statistiques - réponses
Catégorie 1 Catégorie 2 # Joueurs Correct % Correct
Ajax Barcelona 22 Frank de Boer | Ronald de Boer | Winston Bogarde | Jasper Cillessen | Johan Cruyff | Jordi Cruyff | Isaac Cuenca | Edgar Davids | Sergiño Dest | James Efmorfidis | Zlatan Ibrahimović | Frenkie de Jong | Ronald Koeman | Jari Litmanen | Maxwell | Danny Muller | Johan Neeskens | Marc Overmars | Michael Reiziger | Luis Suárez | Thomas Vermaelen | Richard Witschge | Isaac Cuenca | Gabri | Bojan Krkić | Michael Laudrup | Oleguer | Andre Onana | Roger
93%
Bayern Barcelona 9 Patrik Andersson | Mark Hughes | Pepe Reina | Mark van Bommel | Thiago Alcántara | Philippe Coutinho | Arturo Vidal | Robert Lewandowski | João Cancelo
78%
Ajax Man Utd 18 Matthijs de Ligt | Noussair Mazraoui | André Onana | Wout Weghorst | Donny van de Beek | Daley Blind | Jordi Cruyff | Antony | Timothy Fosu-Mensah | Lisandro Martínez | Arnold Mühren | Jesper Olsen | Edwin van der Sar | Gyliano van Velzen | Joe van der Sar | Jaap Stam | Frank Stapleton | Zlatan Ibrahimović
76%
Denmark Man Utd 7 Christian Eriksen | Rasmus Højlund | Anders Lindegaard | Mads Timm | Peter Schmeichel | John Sivebaek | Jesper Olsen
75%
Denmark Barcelona 5 Martin Braithwaite | Andreas Christensen | Ronnie Ekelund | Michael Laudrup | Allan Simonsen
72%
Ajax Ballon d'Or 2 Johan Cruyff | Marco van Basten
71%
Bayern Ballon d'Or 5 Gerd Müller | Franz Beckenbauer | Karl-Heinz Rummenigge | Lothar Matthäus | Jean-Pierre Papin
51%
Bayern Man Utd 8 Mark Hughes | Owen Hargreaves | Daley Blind | Bastian Schweinsteiger | Marcel Sabitzer | Matthijs de Ligt | Noussair Mazraoui | Joshua Zirkzee
32%
Denmark Ballon d'Or 1 Allan Simonsen
8%
Aucun quiz correspondant
Distribution des résultats
% des personnes avec chaque résultat
Percentile par nombre de réponses
Votre historique - résultats
Vous n’avez pas pris ce quiz